000 00817nac a22002417a 4500
001 BR8203144
003 BR-BrBNA
005 20240105115332.0
008 230509b bl.|||m| |||| 00| 0 por d
040 _aBR-BrBNA
_bpor
_cBiblioteca Nacional de Agricultura
072 _aL10; L00
090 _a5240 BR8203144
110 1 _aPrograma Integrado de Pesquisa Agropecuaria no Rio Grande do Sul, Porto Alegre (Brasil)
_97990
245 1 _aManejo dos carneiros antes do acasalamento - 1
260 3 _aPorto Alegre, RS (Brasil):
_c1982.
300 _a1 p.
490 _aPesquisa - Programa Integrado de Pesquisa Agropecuaria no Rio Grande do Sul (Brazil)
_vno. 79
_x
650 _aCARNEIRO
650 _aMANEJO
650 _aACASALAMENTO
909 _a202312
_bLúcia Elande
_c55
_dLúcia Elande
942 _2AGRIS
_n0
_cMS
999 _c274345
_d274345